00380nam a2200145Ia 4500008004100000041000800041082001600049100001400065245006800079260002300147300002500170365001600195500000900211700001400220230718s9999 xx 000 0 und d aeng a005.14bPAR aParikh R. a186 Ready To Run Programs For Borland C++ 3.1 Under Windows 3.1 c1993bVision Books a622dRef 71 C (3109) cRs.b235.00 a71 C aParikh R.